|
|
|
|
| LEADER |
00915nam a2200217 a 4500 |
| 001 |
9332745 |
| 008 |
090709s2001 enk 001 0 eng d |
| 010 |
|
|
|a \\55042010
|
| 040 |
|
|
|a DLC
|c MoU
|d OAU
|d Uk
|d DLC
|
| 082 |
0 |
0 |
|a 820/.9
|2 21
|
| 100 |
1 |
|
|a Hudson, William Henry,
|d 1862-1918.
|
| 245 |
1 |
3 |
|a An outline history of English literature /
|c by William Henry Hudson.
|
| 250 |
|
|
|a Latest ed.
|
| 260 |
|
|
|a London :
|b Bell ;
|a New Delhi :
|b A.I.T.B.S. Publishers & Distributors,
|c 2001
|
| 300 |
|
|
|a viii, 319 p. ;
|c 19 cm.
|
| 504 |
|
|
|a Includes index.
|
| 541 |
1 |
|
|e 00008560
|
| 650 |
|
0 |
|a English literature
|x History and criticism.
|
| 852 |
4 |
|
|a Ayesha Abed Library
|j General shelf
|
| 999 |
|
|
|c 2223
|d 2223
|
| 952 |
|
|
|0 0
|1 0
|2 ddc
|4 0
|6 820_900000000000000_HUD_2001
|7 0
|9 2048
|a BRACUL
|b BRACUL
|c GEN
|d 2009-07-09
|g 0.00
|l 3
|m 51
|o 820.9 HUD
|p 3010008560
|q 2026-06-02
|r 2026-02-22
|s 2026-02-22
|t 1
|w 2009-07-09
|y BK
|x No price found in the accession register.
|